Commentary on MRTP Law, Competition Law and Consumper Protection Law.2V (Record no. 1193892)

MARC details
000 -LEADER
fixed length control field 00736nam a2200265Ia 4500
003 - CONTROL NUMBER IDENTIFIER
control field OSt
005 - DATE AND TIME OF LATEST TRANSACTION
control field 20221007111813.0
008 - FIXED-LENGTH DATA ELEMENTS--GENERAL INFORMATION
fixed length control field 221006b |||||||| |||| 00| 0 eng d
037 ## - SOURCE OF ACQUISITION
Terms of availability Textual
040 ## - CATALOGING SOURCE
Original cataloging agency LCO
Transcribing agency LCO
Language of cataloging eng
041 ## - LANGUAGE CODE
Source of code eng
Language code of text/sound track or separate title eng
100 ## - MAIN ENTRY--PERSONAL NAME
Personal name Dugar S.M.
9 (RLIN) 230242
245 #0 - TITLE STATEMENT
Title Commentary on MRTP Law, Competition Law and Consumper Protection Law.2V
250 ## - EDITION STATEMENT
Edition statement 4th
260 ## - PUBLICATION, DISTRIBUTION, ETC.
Place of publication, distribution, etc. New
Name of publisher, distributor, etc. Delhi Wadhwa and Company Nagpur India
Date of publication, distribution, etc. 2006
300 ## - PHYSICAL DESCRIPTION
Extent 2303+56+56
490 ## - SERIES STATEMENT
Volume/sequential designation Vol.- 1II
650 ## - SUBJECT ADDED ENTRY--TOPICAL TERM
Topical term or geographic name entry element MRTP
9 (RLIN) 700593
942 ## - ADDED ENTRY ELEMENTS (KOHA)
Classification part X:517:(Z2), P6
Koha item type Textual
Holdings
Withdrawn status Lost status Damaged status Not for loan Home library Current library Date acquired Serial Enumeration / chronology Total Checkouts Full call number Barcode Date last seen Price effective from Koha item type
        Law Centre-I Library Law Centre-I Library 2022-10-07 Vol.- 1   X:517:(Z2) P6 LO1478394 II 2022-10-07 2022-10-07 Textual
Copyright @ Delhi University Library System